Tilastot visalle Suomen suosituimmat poikien nimet

Klikkaa tästä pelataksesi tätä visaa!

Yleistilastot

  • Tätä visaa on pelattu 5 343 kertaa
  • Keskiarvotulos 23 / 50

Vastaustilastot

LkmNimi% Oikein
204Joona
67%
379Elias
64%
361Onni
64%
313Eetu
63%
236Aleksi
62%
251Veeti
62%
175Lauri
58%
293Leevi
58%
408Leo
57%
188Eeli
56%
234Mikael
56%
186Eemil
55%
197Emil
55%
196Eemeli
54%
149Eemi
54%
210Matias
54%
330Oliver
50%
139Aatu
49%
339Eino
49%
164Samuel
49%
172Aapo
48%
316Väinö
48%
251Joel
46%
321Niilo
46%
194Viljami
46%
162Akseli
45%
265Daniel
45%
157Valtteri
45%
191Luka
44%
178Niklas
44%
153Eelis
43%
194Nooa
42%
144Anton
41%
156Kasper
41%
174Rasmus
40%
148Roope
40%
151Miro
39%
145Vili
39%
209Vilho
38%
240Noel
37%
150Aaron
36%
193Julius
36%
213Lenni
36%
167Toivo
36%
160Veikko
36%
154Jimi
35%
172Peetu
35%
164Benjamin
34%
160Jooa
32%
212Hugo
29%

Tulosjakauma

Persentiili vastausten määrän mukaan

Jokaisen tuloksen saaneiden osuus

Tuloshistoriasi

Et ole pelannut tätä visaa